[Event "Neu Isenburg op"]
[Site "Neu Isenburg"]
[Date "1992.04.25"]
[Round "4"]
[White "Kharlov, Andrei"]
[Black "Reinhardt, Bernd"]
[Result "1-0"]
[WhiteElo "2545"]
[BlackElo "2250"]
[PlyCount "69"]
[EventDate "1992.04.24"]
[EventType "swiss (rapid)"]
[EventRounds "11"]
[EventCountry "GER"]
[SourceTitle "EXT 2003"]
[Source "ChessBase"]
[SourceDate "2002.11.25"]
[SourceVersion "1"]
[SourceVersionDate "2002.11.25"]
[SourceQuality "1"]

1. e4 g6 2. d4 Bg7 3. Nf3 d6 4. c3 Nd7 5. Bg5 h6 6. Bh4 c6 7. Nbd2 Qc7 8. Be2
Ngf6 9. O-O O-O 10. Re1 Re8 11. Bf1 Nh5 12. a4 e5 13. a5 exd4 14. cxd4 Nf8 15.
Qa4 Bd7 16. Qb4 g5 17. Bg3 Nxg3 18. hxg3 c5 19. dxc5 dxc5 20. Qa3 Ne6 21. Nc4
g4 22. Nh4 Nd4 23. Rac1 b6 24. Ne3 Be6 25. Bc4 Bxc4 26. Nxc4 Rad8 27. Kh1 Re6
28. axb6 axb6 29. Nf5 Nxf5 30. exf5 Rxe1+ 31. Rxe1 b5 32. Ne3 h5 33. Qa6 Bxb2
34. Qh6 Qe5 35. Qg5+ 1-0

[Event "Neu Isenburg op"]
[Site "Neu Isenburg"]
[Date "1992.04.25"]
[Round "5"]
[White "Gross, Stefan"]
[Black "Kharlov, Andrei"]
[Result "1/2-1/2"]
[WhiteElo "2385"]
[BlackElo "2545"]
[PlyCount "78"]
[EventDate "1992.04.24"]
[EventType "swiss (rapid)"]
[EventRounds "11"]
[EventCountry "GER"]
[SourceTitle "EXT 2003"]
[Source "ChessBase"]
[SourceDate "2002.11.25"]
[SourceVersion "1"]
[SourceVersionDate "2002.11.25"]
[SourceQuality "1"]

1. Nf3 d5 2. c4 e6 3. d4 c6 4. Qc2 Nf6 5. g3 dxc4 6. Qxc4 b5 7. Qc2 Bb7 8. Bg2
Nbd7 9. Nc3 a6 10. Ne5 Qb6 11. Be3 c5 12. Nxd7 Nxd7 13. Bxb7 Qxb7 14. Qe4 Qxe4
15. Nxe4 c4 16. a4 f5 17. Nc5 Bxc5 18. dxc5 O-O 19. O-O-O Nf6 20. Rd6 e5 21. f3
bxa4 22. Kc2 Rfb8 23. Ra1 Rb3 24. Bg5 Rab8 25. Ra2 a3 26. bxa3 Ne8 27. Rd8 h6
28. Rxb8 Rxb8 29. Bd2 Rb5 30. Be3 Nc7 31. Bg1 Kf7 32. Ra1 Rb3 33. c6 Ke6 34.
Rd1 Nb5 35. Bc5 Rc3+ 36. Kb2 Rb3+ 37. Kc2 Rc3+ 38. Kb2 Rb3+ 39. Kc2 Rc3+
1/2-1/2

[Event "Neu Isenburg op"]
[Site "Neu Isenburg"]
[Date "1992.04.25"]
[Round "6"]
[White "Kharlov, Andrei"]
[Black "Pfeiffer, Herbert"]
[Result "1-0"]
[WhiteElo "2545"]
[BlackElo "2280"]
[PlyCount "81"]
[EventDate "1992.04.24"]
[EventType "swiss (rapid)"]
[EventRounds "11"]
[EventCountry "GER"]
[SourceTitle "EXT 2003"]
[Source "ChessBase"]
[SourceDate "2002.11.25"]
[SourceVersion "1"]
[SourceVersionDate "2002.11.25"]
[SourceQuality "1"]

1. e4 d5 2. exd5 Nf6 3. d4 Nxd5 4. c4 Nb6 5. Nc3 e5 6. Qe2 Nc6 7. d5 Nd4 8.
Qxe5+ Qe7 9. Qxe7+ Bxe7 10. Bd3 Bf5 11. Bxf5 Nxf5 12. b3 Nd4 13. Kf1 O-O-O 14.
Bb2 Rhe8 15. Nce2 Nxe2 16. Nxe2 c6 17. dxc6 Rd2 18. Bc3 Rc2 19. cxb7+ Kxb7 20.
Bd4 Bf6 21. Bxf6 Rexe2 22. Bd4 Red2 23. Be3 Rxa2 24. Rc1 Rdb2 25. h4 Rxb3 26.
Rh3 Ra4 27. Rf3 f6 28. Rf4 Kc6 29. h5 Nd7 30. Rg4 Ra5 31. c5 g5 32. hxg6 hxg6
33. Rxg6 Rab5 34. g4 Rb1 35. Rxb1 Rxb1+ 36. Kg2 Kd5 37. g5 Ke5 38. c6 Nb6 39.
c7 Nc8 40. Rxf6 Rb7 41. Rf8 1-0

[Event "Neu Isenburg op"]
[Site "Neu Isenburg"]
[Date "1992.04.25"]
[Round "7"]
[White "Blasek, Ralph"]
[Black "Kharlov, Andrei"]
[Result "0-1"]
[WhiteElo "2335"]
[BlackElo "2545"]
[PlyCount "80"]
[EventDate "1992.04.24"]
[EventType "swiss (rapid)"]
[EventRounds "11"]
[EventCountry "GER"]
[SourceTitle "EXT 2003"]
[Source "ChessBase"]
[SourceDate "2002.11.25"]
[SourceVersion "1"]
[SourceVersionDate "2002.11.25"]
[SourceQuality "1"]

1. e4 c5 2. Nc3 Nc6 3. Nge2 e6 4. g3 d5 5. exd5 exd5 6. Bg2 d4 7. Nd5 Bd6 8. d3
Nge7 9. Nef4 O-O 10. O-O Nxd5 11. Nxd5 Be6 12. Nf4 Bxf4 13. Bxf4 Bd5 14. Qh5
Nb4 15. a3 Bxg2 16. Kxg2 Nd5 17. Bd2 Qd6 18. Rfe1 Rae8 19. Rxe8 Rxe8 20. Re1
Rxe1 21. Bxe1 h6 22. Qf3 Qe6 23. Bd2 b6 24. h3 Kf8 25. c4 dxc3 26. bxc3 Qc6 27.
c4 Ne7 28. Bf4 f6 29. Bb8 Qd7 30. Qa8 Qc6+ 31. Qxc6 Nxc6 32. Bd6+ Kf7 33. Kf3
h5 34. g4 Ke6 35. Bf8 hxg4+ 36. hxg4 Ne5+ 37. Ke2 g5 38. d4 cxd4 39. c5 b5 40.
f3 a5 0-1

[Event "Neu Isenburg op"]
[Site "Neu Isenburg"]
[Date "1992.04.26"]
[Round "8"]
[White "Kharlov, Andrei"]
[Black "Volke, Karsten"]
[Result "1-0"]
[WhiteElo "2545"]
[BlackElo "2440"]
[PlyCount "100"]
[EventDate "1992.04.24"]
[EventType "swiss (rapid)"]
[EventRounds "11"]
[EventCountry "GER"]
[SourceTitle "EXT 2003"]
[Source "ChessBase"]
[SourceDate "2002.11.25"]
[SourceVersion "1"]
[SourceVersionDate "2002.11.25"]
[SourceQuality "1"]

1. e4 c5 2. c3 g6 3. d4 cxd4 4. cxd4 d5 5. exd5 Nf6 6. Bc4 Nxd5 7. Qb3 e6 8.
Nf3 Nc6 9. Nc3 Nb6 10. Be2 Bg7 11. O-O O-O 12. Bg5 f6 13. Be3 Nd5 14. Rfd1 Na5
15. Qa3 b6 16. Nxd5 exd5 17. Rac1 Be6 18. b4 Qd6 19. Nd2 Nc6 20. Qa4 Ne7 21. b5
Rfe8 22. Nf1 Bd7 23. Qb3 h5 24. g3 Rac8 25. Bf3 Bg4 26. Bf4 Qd7 27. a4 Bxf3 28.
Qxf3 Nf5 29. Qd3 g5 30. Bd2 Re4 31. Rxc8+ Qxc8 32. Rc1 Qd7 33. Be3 Nxe3 34.
fxe3 h4 35. Qc2 Bf8 36. Qc6 Qf5 37. Qa8 Re7 38. Rc8 Rf7 39. Rd8 h3 40. Qxd5
Qxd5 41. Rxd5 Rc7 42. e4 Rc4 43. Kf2 Rxa4 44. Kf3 Ra1 45. Ne3 Ra4 46. e5 f5 47.
e6 g4+ 48. Ke2 Ra2+ 49. Kd3 Ra3+ 50. Ke2 Ra2+ {(...)} 1-0

[Event "Neu Isenburg op"]
[Site "Neu Isenburg"]
[Date "1992.04.26"]
[Round "9"]
[White "Wahls, Matthias"]
[Black "Kharlov, Andrei"]
[Result "0-1"]
[WhiteElo "2570"]
[BlackElo "2545"]
[PlyCount "86"]
[EventDate "1992.04.24"]
[EventType "swiss (rapid)"]
[EventRounds "11"]
[EventCountry "GER"]
[SourceTitle "EXT 2003"]
[Source "ChessBase"]
[SourceDate "2002.11.25"]
[SourceVersion "1"]
[SourceVersionDate "2002.11.25"]
[SourceQuality "1"]

1. e4 c5 2. Nf3 Nc6 3. Bb5 g6 4. O-O Bg7 5. c3 Nf6 6. Re1 O-O 7. h3 Qb6 8. a4
d5 9. e5 Ne8 10. d4 c4 11. b3 cxb3 12. Ba3 Nc7 13. Bc5 Qa5 14. Bxc6 bxc6 15.
Bxe7 Rb8 16. Bb4 Rxb4 17. cxb4 Qxb4 18. Re3 b2 19. Raa3 Bh6 20. Reb3 Qc4 21.
Rxb2 Qc1 22. Qxc1 Bxc1 23. Rab3 Bxb2 24. Rxb2 Ne6 25. Nbd2 Ba6 26. Rc2 Rc8 27.
Nb3 Bd3 28. Rc3 Be2 29. Nfd2 Bd1 30. g3 Rb8 31. a5 Rb4 32. Rd3 Nc7 33. f4 Nb5
34. Kf2 Kf8 35. Ke3 Bc2 36. g4 Ke7 37. f5 gxf5 38. gxf5 f6 39. Ke2 Bxd3+ 40.
Kxd3 c5 41. exf6+ Kxf6 42. dxc5 Kxf5 43. c6 Ke6 0-1

[Event "Haninge"]
[Site "Haninge"]
[Date "1992.??.??"]
[Round "2"]
[White "Kharlov, Andrei"]
[Black "Ernst, Thomas"]
[Result "1-0"]
[WhiteElo "2545"]
[BlackElo "2535"]
[PlyCount "105"]
[EventDate "1992.05.??"]
[EventType "schev"]
[EventRounds "5"]
[EventCountry "SWE"]
[SourceTitle "CBM 030"]
[Source "ChessBase"]
[SourceDate "1992.10.01"]
[SourceVersion "1"]
[SourceVersionDate "1992.10.01"]
[SourceQuality "1"]

1. e4 c5 2. c3 Nf6 3. e5 Nd5 4. Nf3 Nc6 5. Bc4 Nb6 6. Be2 d5 7. exd6 Qxd6 8.
O-O g6 9. Na3 Bg7 10. d3 O-O 11. Nb5 Qd8 12. Be3 a6 13. Na3 Nd7 14. d4 cxd4 15.
Nxd4 Nxd4 16. Bxd4 Bxd4 17. Qxd4 Qc7 18. Nc4 b5 19. Ne3 Nb6 20. Bf3 Rd8 21. Qb4
Rb8 22. Rfd1 Bb7 23. Bxb7 Qxb7 24. h3 e6 25. Qa5 Nd5 26. Rd4 Rd7 27. Nxd5 Rxd5
28. Rad1 Re8 29. a4 Qc6 30. Qb4 Red8 31. axb5 axb5 32. h4 e5 33. Rxd5 Rxd5 34.
Qb3 Rxd1+ 35. Qxd1 Qc4 36. g3 h5 37. Qc2 Kf8 38. b3 Qd5 39. c4 bxc4 40. Qxc4
Qxc4 41. bxc4 Ke7 42. Kf1 Kd6 43. Ke2 Kc5 44. Kd3 f6 45. f4 Kd6 46. fxe5+ Kxe5
47. Ke3 g5 48. g4 hxg4 49. h5 f5 50. h6 f4+ 51. Kf2 g3+ 52. Kg2 Ke4 53. h7 1-0

[Event "Haninge"]
[Site "Haninge"]
[Date "1992.??.??"]
[Round "3"]
[White "Andersson, Ulf"]
[Black "Kharlov, Andrei"]
[Result "1/2-1/2"]
[WhiteElo "2605"]
[BlackElo "2545"]
[PlyCount "51"]
[EventDate "1992.05.??"]
[EventType "schev"]
[EventRounds "5"]
[EventCountry "SWE"]
[SourceTitle "CBM 030"]
[Source "ChessBase"]
[SourceDate "1992.10.01"]
[SourceVersion "1"]
[SourceVersionDate "1992.10.01"]
[SourceQuality "1"]

1. Nf3 d5 2. d4 c6 3. Bf4 Nf6 4. e3 Qb6 5. Qc1 Bf5 6. Bd3 Bxd3 7. cxd3 Nbd7 8.
Nc3 e6 9. h3 c5 10. dxc5 Nxc5 11. Ke2 Be7 12. Rd1 Rc8 13. Qc2 Qa6 14. Kf1 b5
15. Rac1 O-O 16. Qb1 Nfd7 17. Ne2 Na4 18. Rxc8 Rxc8 19. Rc1 Bf6 20. Rxc8+ Qxc8
21. b3 Nab6 22. d4 Be7 23. Ne1 f6 24. Nd3 Ba3 25. Bg3 a5 26. Qd1 1/2-1/2

[Event "Haninge"]
[Site "Haninge"]
[Date "1992.??.??"]
[Round "4"]
[White "Kharlov, Andrei"]
[Black "Brynell, Stellan"]
[Result "1/2-1/2"]
[WhiteElo "2545"]
[BlackElo "2410"]
[PlyCount "88"]
[EventDate "1992.05.??"]
[EventType "schev"]
[EventRounds "5"]
[EventCountry "SWE"]
[SourceTitle "CBM 030"]
[Source "ChessBase"]
[SourceDate "1992.10.01"]
[SourceVersion "1"]
[SourceVersionDate "1992.10.01"]
[SourceQuality "1"]

1. e4 e6 2. d4 d5 3. e5 c5 4. c3 Nc6 5. Nf3 Bd7 6. Be2 f6 7. O-O fxe5 8. Nxe5
Nxe5 9. dxe5 Bc6 10. c4 Ne7 11. Bg5 Qd7 12. a3 dxc4 13. Qxd7+ Kxd7 14. Bxe7
Bxe7 15. Rd1+ Ke8 16. Bxc4 Kf7 17. Nc3 a6 18. Bd3 Rad8 19. Bc2 Rxd1+ 20. Rxd1
Rd8 21. Rxd8 Bxd8 22. Be4 Bxe4 23. Nxe4 Be7 24. f4 Ke8 25. g4 Kd7 26. Kf2 Kc6
27. Ke3 b5 28. f5 exf5 29. gxf5 Kd5 30. f6 gxf6 31. exf6 Bf8 32. Ng5 h5 33. Kf4
c4 34. f7 c3 35. bxc3 Bxa3 36. Ke3 Kc4 37. Kd2 b4 38. cxb4 Bxb4+ 39. Kc2 Kd4
40. Ne6+ Ke4 41. f8=Q Bxf8 42. Nxf8 Kf3 43. Ng6 Kg4 44. Kb3 Kh3 1/2-1/2

[Event "Haninge"]
[Site "Haninge"]
[Date "1992.??.??"]
[Round "5"]
[White "Wedberg, Tom"]
[Black "Kharlov, Andrei"]
[Result "0-1"]
[WhiteElo "2465"]
[BlackElo "2545"]
[Annotator "Blatny,P"]
[PlyCount "78"]
[EventDate "1992.05.??"]
[EventType "schev"]
[EventRounds "5"]
[EventCountry "SWE"]
[SourceTitle "CBM 030"]
[Source "ChessBase"]
[SourceDate "1992.10.01"]
[SourceVersion "1"]
[SourceVersionDate "1992.10.01"]
[SourceQuality "1"]

1. e4 c5 2. Nc3 Nc6 3. f4 g6 4. Nf3 Bg7 5. Bc4 e6 6. f5 Nge7 7. fxe6 fxe6 8. d3
d5 9. Bb3 b5 10. exd5 (10. a3 Nd4 $5 (10... c4 11. Ba2 a6 12. O-O O-O 13. Bg5
Rf7 14. Qd2 Bb7 15. Bh4 h6 16. Rae1 Qb6+ 17. Bf2 Qa5 18. d4 Raf8 19. Bb1 Qc7
20. e5 g5 21. Ne2 Ng6 22. c3 Nce7 $10 {Minasian-Tiviakov,Kherson 1991}) 11.
Nxd4 cxd4 12. Ne2 O-O 13. Nf4 Kh8 14. O-O dxe4 15. dxe4 Qb6 16. Nd3 Bb7 17. Bg5
Rxf1+ 18. Qxf1 Rf8 19. Qe2 Ng8 20. Qg4 Nf6 21. Bxf6 Rxf6 22. Rf1 h5 $1 23. Qh4
Rxf1+ 24. Kxf1 Qc6 {=/+/-/+ _|_ Minasian-Zagrebelny,Manila ol 1992}) 10... exd5
11. O-O (11. Nxb5 $2 Qa5+ 12. Nc3 c4 $1 (12... d4 13. O-O dxc3 14. bxc3 Bxc3
15. Rb1 $44 {עe8,/^a2-g8}) 13. dxc4 d4 14. O-O dxc3 15. c5 (15. bxc3 Qc5+ 16.
Kh1 O-O $19) 15... cxb2 16. Ng5 bxa1=Q 17. Bf7+ Kf8 18. Bb3+ Bf6 19. Ne4 Qd4+
$19 {Weinzettl-Zueger,Wien op 1986}) 11... c4 $1 $146 (11... O-O 12. Nxb5 Qb6
13. c4 d4 14. Qe2 Bd7 15. Nd6 {1/4:1/4 Dorenberg-Osterman,Dieren op 1990}) 12.
dxc4 dxc4 13. Qxd8+ Nxd8 $1 (13... Kxd8 14. Rd1+ Ke8 (14... Bd7 15. Ne4 $1 cxb3
16. Nc5 Nb8 17. Ne6+ Kc8 (17... Ke8 18. Nxg7+ {/\Bh6+-}) 18. Nxg7 Rg8 19. Bh6
$16) 15. Nxb5 cxb3 16. Nc7+ Kf8 17. Nxa8 $16) 14. Nxb5 cxb3 15. Nc7+ Kd7 16.
Nxa8 bxc2 17. Bf4 (17. Rf2 $142 Bb7 18. Rxc2 (18. Rd2+ Nd5) 18... Bxa8 {
=/+/-/+ _|_}) 17... Rf8 $1 (17... Bxb2 18. Ne5+ Bxe5 19. Bxe5 Rg8 20. Rf2 $1 {
+/-/+-}) 18. Ne5+ Bxe5 19. Bxe5 Rxf1+ 20. Rxf1 Ndc6 21. Bc3 (21. Bg3 Nd4 22.
Kf2 Ba6 {/\Nd5-+}) 21... Ba6 22. Rc1 Bd3 $19 {_|_ פa8 --> B+N>R} 23. Kf2 Nd5
24. Bd2 Ncb4 $5 25. a3 Nc6 {><b3} 26. Re1 Bf5 27. h3 h5 28. Kg3 Nd4 29. Kh4 Nb3
30. Bg5 Bd3 31. Kg3 Nc5 32. Kf3 Ne6 33. Bc1 h4 34. Kf2 Bf5 35. g3 (35. Re5 Ndf4
$19) 35... Nc5 36. Kf3 Nd3 37. Rg1 Nxc1 38. Rxc1 hxg3 39. Kxg3 Ne3 0-1

[Event "Haninge"]
[Site "Haninge"]
[Date "1992.??.??"]
[Round "7"]
[White "Ernst, Thomas"]
[Black "Kharlov, Andrei"]
[Result "1/2-1/2"]
[WhiteElo "2535"]
[BlackElo "2545"]
[PlyCount "122"]
[EventDate "1992.05.??"]
[EventType "schev"]
[EventRounds "5"]
[EventCountry "SWE"]
[SourceTitle "CBM 030"]
[Source "ChessBase"]
[SourceDate "1992.10.01"]
[SourceVersion "1"]
[SourceVersionDate "1992.10.01"]
[SourceQuality "1"]

1. e4 c5 2. Nf3 Nc6 3. d4 cxd4 4. Nxd4 Nf6 5. Nc3 e5 6. Ndb5 d6 7. Bg5 a6 8.
Na3 b5 9. Bxf6 gxf6 10. Nd5 Bg7 11. Bd3 Ne7 12. Nxe7 Qxe7 13. c4 f5 14. O-O O-O
15. Qf3 bxc4 16. Nxc4 d5 17. exd5 e4 18. Qe2 Bb7 19. d6 Qe6 20. Bc2 f4 21. Bb3
f3 22. Qd2 a5 23. Ne3 Qh6 24. Rfd1 Be5 25. g3 Rfd8 26. d7 a4 27. Qb4 axb3 28.
Qxb7 Rxa2 29. Qxe4 Qe6 30. Nc4 Bg7 31. Qxe6 fxe6 32. Rac1 Ra7 33. Rd3 Raxd7 34.
Rxf3 Rb8 35. Na5 Bxb2 36. Rb1 Bd4 37. Nc6 Rb6 38. Nxd4 Rxd4 39. Rfxb3 Rxb3 40.
Rxb3 Kg7 41. Rb7+ Kg6 42. Re7 Rd6 43. h4 h6 44. Kg2 Kf6 45. Rh7 Kg6 46. Ra7 Rd5
47. Ra4 h5 48. Kf3 Rf5+ 49. Rf4 Ra5 50. Ke4 Rb5 51. f3 Rb1 52. Ke5 Rg1 53. g4
Re1+ 54. Re4 Rf1 55. Kxe6 Rxf3 56. g5 Rh3 57. Ke5 Rh1 58. Ra4 Kg7 59. Ra7+ Kg6
60. Ra6+ Kg7 61. Kf5 Rf1+ 1/2-1/2

[Event "Haninge"]
[Site "Haninge"]
[Date "1992.??.??"]
[Round "7"]
[White "Kharlov, Andrei"]
[Black "Hector, Jonny"]
[Result "1/2-1/2"]
[WhiteElo "2545"]
[BlackElo "2535"]
[PlyCount "199"]
[EventDate "1992.05.??"]
[EventType "schev"]
[EventRounds "5"]
[EventCountry "SWE"]
[SourceTitle "CBM 030"]
[Source "ChessBase"]
[SourceDate "1992.10.01"]
[SourceVersion "1"]
[SourceVersionDate "1992.10.01"]
[SourceQuality "1"]

1. c4 e6 2. g3 d5 3. Bg2 Nf6 4. Nf3 Nbd7 5. O-O c6 6. d4 dxc4 7. a4 Be7 8. Na3
Bxa3 9. Rxa3 O-O 10. a5 b5 11. axb6 Qxb6 12. Qc2 Qb5 13. Bd2 Rb8 14. Rxa7 Qxb2
15. Qxc4 Nb6 16. Qxc6 Nbd5 17. Rfa1 Ne4 18. R7a2 Qb3 19. Qc2 Ndc3 20. Bxc3 Nxc3
21. Qxb3 Rxb3 22. Ra3 Nxe2+ 23. Kf1 Rxf3 24. Rxf3 Nxd4 25. Rc3 Bd7 26. f4 h5
27. Kf2 Nf5 28. Ra7 Bb5 29. Rb7 Ba4 30. Ra7 Bb5 31. Ra8 Rxa8 32. Bxa8 Kf8 33.
Rc7 g6 34. Be4 Nd6 35. Bc2 Kg7 36. Ke3 Bf1 37. Rd7 Nf5+ 38. Kd2 Bb5 39. Rc7 Bf1
40. Be4 Nd6 41. Bd3 Bg2 42. Ke3 Kf6 43. Kf2 Bd5 44. Rd7 Ne4+ 45. Bxe4 Bxe4 46.
Ke3 Bb1 47. Kd4 Ba2 48. Ra7 Bb3 49. Ra5 Bd5 50. Kc5 Kf5 51. Ra7 f6 52. Kd6 g5
53. fxg5 fxg5 54. Ra4 Bb3 55. Rb4 Ba2 56. Rb8 Kg4 57. Ke5 h4 58. gxh4 gxh4 59.
Ra8 Bd5 60. Ra3 Kg5 61. Ra4 Kh5 62. Rb4 Bg2 63. Kxe6 Kg5 64. Ke5 Bh3 65. Rb1
Kg4 66. Rg1+ Kf3 67. Kf6 Bg2 68. Kf5 h3 69. Ra1 Ke3 70. Ke5 Kd3 71. Kf4 Kd4 72.
Rd1+ Kc3 73. Ke3 Kc4 74. Rd4+ Kc5 75. Kd3 Bf1+ 76. Kc3 Bg2 77. Rd8 Bf1 78. Rf8
Bg2 79. Rf5+ Kd6 80. Kd4 Ke6 81. Rh5 Kf6 82. Re5 Bh1 83. Re8 Bc6 84. Re3 Bg2
85. Kc5 Kf5 86. Kd6 Kf4 87. Re1 Kf5 88. Re5+ Kf4 89. Ke6 Be4 90. Rb5 Bg2 91.
Rb4+ Ke3 92. Ke5 Kd3 93. Rg4 Kc3 94. Rg3+ Kc4 95. Re3 Bf1 96. Rf3 Bg2 97. Rg3
Bf1 98. Rg4+ Kd3 99. Rd4+ Ke3 100. Rd1 1/2-1/2

[Event "Haninge"]
[Site "Haninge"]
[Date "1992.??.??"]
[Round "8"]
[White "Kharlov, Andrei"]
[Black "Andersson, Ulf"]
[Result "0-1"]
[WhiteElo "2545"]
[BlackElo "2605"]
[PlyCount "74"]
[EventDate "1992.05.??"]
[EventType "schev"]
[EventRounds "5"]
[EventCountry "SWE"]
[SourceTitle "CBM 030"]
[Source "ChessBase"]
[SourceDate "1992.10.01"]
[SourceVersion "1"]
[SourceVersionDate "1992.10.01"]
[SourceQuality "1"]

1. e4 c5 2. Nf3 Nc6 3. Bb5 g6 4. Bxc6 bxc6 5. O-O Bg7 6. Re1 Nf6 7. e5 Nd5 8.
c4 Nc7 9. d4 cxd4 10. Qxd4 Ne6 11. Qh4 h6 12. Nc3 d6 13. Rd1 Bb7 14. Be3 c5 15.
Nd5 dxe5 16. Nf6+ Bxf6 17. Rxd8+ Rxd8 18. Qg3 h5 19. h4 O-O 20. Nxe5 Nd4 21.
Bxd4 Rxd4 22. Re1 Rfd8 23. Qb3 Be4 24. Nf3 Bxf3 25. Qxf3 Rxc4 26. g3 Rc2 27.
Re2 Rxb2 28. Rxb2 Bxb2 29. Qb7 Rd1+ 30. Kg2 Bd4 31. Qxa7 Rd2 32. a4 c4 33. Qc7
c3 34. a5 Rxf2+ 35. Kh3 e5 36. Qc4 c2 37. a6 Be3 0-1

[Event "Haninge"]
[Site "Haninge"]
[Date "1992.??.??"]
[Round "9"]
[White "Brynell, Stellan"]
[Black "Kharlov, Andrei"]
[Result "0-1"]
[WhiteElo "2410"]
[BlackElo "2545"]
[PlyCount "96"]
[EventDate "1992.05.??"]
[EventType "schev"]
[EventRounds "5"]
[EventCountry "SWE"]
[SourceTitle "CBM 030"]
[Source "ChessBase"]
[SourceDate "1992.10.01"]
[SourceVersion "1"]
[SourceVersionDate "1992.10.01"]
[SourceQuality "1"]

1. e4 c5 2. Nf3 Nc6 3. Bb5 g6 4. O-O Bg7 5. c3 Nf6 6. e5 Nd5 7. d4 cxd4 8. cxd4
Nc7 9. a4 a6 10. Bc4 d6 11. exd6 Qxd6 12. d5 Ne5 13. Nxe5 Bxe5 14. Nc3 Bf5 15.
h3 O-O 16. Re1 Bh2+ 17. Kh1 Bf4 18. Qd4 Bxc1 19. Raxc1 Ne8 20. Bd3 e5 21. Qe3
Bxd3 22. Qxd3 f5 23. Qe3 e4 24. f3 exf3 25. Qxf3 Ng7 26. Rc2 Rae8 27. Rce2 Rxe2
28. Rxe2 g5 29. Qe3 h6 30. Qe7 Qxe7 31. Rxe7 Rf7 32. Re2 Rd7 33. Kg1 Kf7 34. g3
Rd6 35. Kf2 Nh5 36. Rd2 Ke7 37. Kf3 Rb6 38. Re2+ Kd7 39. g4 Nf4 40. Rh2 fxg4+
41. hxg4 Nd3 42. Ke4 Nxb2 43. a5 Rb3 44. Rxh6 Rxc3 45. Rb6 Na4 46. Rxb7+ Kd6
47. Rb4 Nc5+ 48. Kd4 Rb3 0-1

[Event "Haninge"]
[Site "Haninge"]
[Date "1992.??.??"]
[Round "10"]
[White "Kharlov, Andrei"]
[Black "Wedberg, Tom"]
[Result "1/2-1/2"]
[WhiteElo "2545"]
[BlackElo "2465"]
[Annotator "Ftacnik,L"]
[PlyCount "81"]
[EventDate "1992.05.??"]
[EventType "schev"]
[EventRounds "5"]
[EventCountry "SWE"]
[SourceTitle "CBM 030"]
[Source "ChessBase"]
[SourceDate "1992.10.01"]
[SourceVersion "1"]
[SourceVersionDate "1992.10.01"]
[SourceQuality "1"]

1. d4 Nf6 2. c4 e6 3. Nc3 Bb4 4. Qc2 O-O 5. a3 Bxc3+ 6. Qxc3 b6 7. Bg5 Bb7 8.
Nf3 h6 9. Bh4 d6 10. Nd2 c5 11. dxc5 bxc5 12. e3 Nbd7 (12... a5 13. Bd3 Nbd7
14. O-O a4 15. Rad1 Ra6 16. Qc2 Qa8 17. f3 $13 {Sokolov,I-Beliavsky,A/Belgrade/
1991/}) 13. Rg1 {N} (13. f3 a5 14. Bd3 a4 15. O-O Qb6 16. Rad1 Bc6 17. Nb1 Rab8
18. Rd2 d5 $132 {Drasko,M-Dzevlan,M/Banja Vrucica JUG-ch/1991/}) 13... d5 14.
g4 Ne4 $1 15. Bxd8 (15. Nxe4 Qxh4 16. cxd5 Bxd5 17. Nxc5 Nxc5 18. Qxc5 Qxh2 19.
Rg3 Rfc8 $17) 15... Nxc3 16. Ba5 (16. Be7 Rfe8 17. Bxc5 Nxc5 18. bxc3 Na4 $44)
16... Na4 17. cxd5 exd5 18. Bb5 Nab6 (18... Ndb6 $2 19. b3 Nb2 20. Bc3 a6 21.
Be2 $18) 19. g5 hxg5 20. Rxg5 f6 21. Rg3 Ne5 22. f4 (22. O-O-O Rac8 23. Rdg1
Rc7 $132) 22... Nec4 23. Nxc4 Nxc4 24. Bxc4 (24. Bc3 Nd6 25. Bd3 Rae8 26. O-O-O
Ne4 $10) 24... dxc4 25. O-O-O Rf7 26. h4 Be4 $1 27. h5 Kh7 28. Bc3 (28. h6 g6 (
28... Kxh6 29. Rh3+ Kg6 30. Rg1+ Kf5 31. Rh5+ Ke6 32. Rxc5 $14)) 28... Kh6 29.
Rf1 Bf5 30. e4 $5 Bxe4 31. f5 Bd3 32. Rf4 (32. Bd2+ Kh7 33. Rf4) 32... Re8 33.
Rg6+ Kxh5 (33... Kh7 34. h6 $40) 34. Rg1 Re4 35. Rh1+ (35. Rf3 Rg4 36. Rh1+ (
36. Rh3+ Kg5 37. Bd2+ Kxf5 38. Rf3+ Ke4 $1) 36... Rh4) 35... Kg5 36. Rf2 Re2
37. Bd2+ Kg4 38. Rg1+ Kh5 (38... Kh3 $2 39. Rf3+ Kh2 40. Rg4 Kh1 41. Rf1+ Kh2
42. Bf4+ Kh3 43. Rg3+ Kh2 44. Rg6+ Kh3 45. Rh1+) 39. Rh1+ Kg4 40. Rg1+ Kh5 41.
Rh1+ {Ftacnik,L} 1/2-1/2

[Event "Biel MTO op"]
[Site "Biel"]
[Date "1992.??.??"]
[Round "1"]
[White "Illijin, Neboisa"]
[Black "Kharlov, Andrei"]
[Result "0-1"]
[WhiteElo "2280"]
[BlackElo "2555"]
[PlyCount "72"]
[EventDate "1992.07.??"]
[EventType "swiss"]
[EventRounds "11"]
[EventCountry "SUI"]
[SourceTitle "CBM 031 ext"]
[Source "ChessBase"]
[SourceDate "1993.01.01"]
[SourceVersion "1"]
[SourceVersionDate "1993.01.01"]
[SourceQuality "1"]

1. e4 c5 2. Nf3 Nc6 3. d4 cxd4 4. Nxd4 Nf6 5. Nc3 e5 6. Ndb5 d6 7. Bg5 a6 8.
Na3 Be6 9. Nc4 Rc8 10. Bd3 Be7 11. Bxf6 Bxf6 12. Ne3 Ne7 13. O-O O-O 14. Qf3
Bg5 15. Ncd5 Bxd5 16. Nxd5 Nxd5 17. exd5 g6 18. c4 f5 19. Be2 h5 20. b4 e4 21.
Qh3 Rc7 22. Rad1 Kg7 23. Qc3+ Bf6 24. Qe3 Be5 25. Rfe1 Qh4 26. g3 Qf6 27. Bf1
h4 28. Qb6 Rcf7 29. Bg2 Rc8 30. Bf1 hxg3 31. fxg3 f4 32. Rxe4 fxg3 33. Bg2
gxh2+ 34. Kh1 Rcf8 35. Ree1 Qg5 36. Re2 Qg4 0-1

[Event "Biel MTO op"]
[Site "Biel"]
[Date "1992.??.??"]
[Round "2"]
[White "Kharlov, Andrei"]
[Black "Ruf, Matthias"]
[Result "1-0"]
[WhiteElo "2555"]
[BlackElo "2395"]
[PlyCount "65"]
[EventDate "1992.07.??"]
[EventType "swiss"]
[EventRounds "11"]
[EventCountry "SUI"]
[SourceTitle "CBM 031 ext"]
[Source "ChessBase"]
[SourceDate "1993.01.01"]
[SourceVersion "1"]
[SourceVersionDate "1993.01.01"]
[SourceQuality "1"]

1. e4 e6 2. d4 d5 3. e5 c5 4. c3 Nc6 5. Nf3 Bd7 6. Be2 Qb6 7. a3 Nh6 8. b4 cxd4
9. Bxh6 gxh6 10. cxd4 Rc8 11. O-O Bg7 12. Qd2 O-O 13. Nc3 Nxd4 14. Nxd4 Bxe5
15. Ndb5 Bxb5 16. Nxb5 a6 17. Rad1 axb5 18. Qxh6 f5 19. Rd3 Rf7 20. Re3 Qd6 21.
Bxb5 Re7 22. Rh3 Bf4 23. Qh5 Qe5 24. g3 Bd2 25. Qd1 Qb2 26. Qe2 Bc1 27. Qh5
Qxa3 28. Qh4 Rg7 29. Qf6 Rf8 30. Qxe6+ Kh8 31. Qxd5 Bb2 32. Bd3 f4 33. Qe4 1-0

[Event "Biel MTO op"]
[Site "Biel"]
[Date "1992.??.??"]
[Round "3"]
[White "Gluckman, David"]
[Black "Kharlov, Andrei"]
[Result "0-1"]
[WhiteElo "2330"]
[BlackElo "2555"]
[PlyCount "80"]
[EventDate "1992.07.??"]
[EventType "swiss"]
[EventRounds "11"]
[EventCountry "SUI"]
[SourceTitle "CBM 031 ext"]
[Source "ChessBase"]
[SourceDate "1993.01.01"]
[SourceVersion "1"]
[SourceVersionDate "1993.01.01"]
[SourceQuality "1"]

1. d4 d5 2. Nf3 Nf6 3. c4 e6 4. g3 dxc4 5. Qa4+ Nbd7 6. Bg2 a6 7. Qxc4 b5 8.
Qc2 Bb7 9. O-O c5 10. Be3 Rc8 11. dxc5 Bxc5 12. Bxc5 Nxc5 13. Qd2 O-O 14. Qxd8
Rfxd8 15. Nbd2 Na4 16. b3 Nc3 17. Rfe1 e5 18. e3 g5 19. Nb1 Bxf3 20. Bxf3 Nce4
21. a4 b4 22. Ra2 g4 23. Be2 a5 24. Kg2 h5 25. Rb2 Nd5 26. Bc4 Ng5 27. Nd2 e4
28. Bxd5 Rxd5 29. Nc4 Nf3 30. Rh1 Rcc5 31. h3 Kg7 32. Rc2 Rd3 33. Rb2 Rcd5 34.
Nb6 Rg5 35. h4 Rc5 36. Nc4 Kf6 37. Rbb1 Ke6 38. Rhd1 Ne5 39. Rxd3 exd3 40. Nxe5
Kxe5 0-1